| 000 | nam a22 7a 4500 | ||
|---|---|---|---|
| 999 |
_c129674 _d129674 |
||
| 008 | 190603b xxu||||| |||| 00| 0 eng d | ||
| 050 | _aQC16.N7 K78 2006 | ||
| 100 |
_aKrull, Kathleen _946578 |
||
| 245 |
_aIsaac Newton _cKathleen Krull |
||
| 260 |
_aNew York _bViking _c2006 |
||
| 300 |
_a126p. ; _c22cm. |
||
| 600 |
_aNewton, Isaac, Sir _d1642-1727 _xJuvenile literature _946579 |
||
| 650 |
_aPhysicists _xBiography _xJuvenile literature _zGreat Britain _946580 |
||
| 942 |
_2lcc _cMONOGRAPH |
||